[Event "SV Dinslaken 1 - SV Mülheim-Nord 2"]
[Site "Oberliga NRW 2017/2018"]
[Date "2018.04.29"]
[Round "9.4"]
[White "Mundorf, Johannes"]
[Black "Zatonskih, Vitaly"]
[Result "1/2-1/2"]
[WhiteElo "2183"]
[BlackElo "2316"]
[PlyCount "35"]
[EventDate "2018.??.??"]
[WhiteTeam "SV Dinslaken 1"]
[BlackTeam "SV Mülheim-Nord 2"]

1. Nf3 e6 2. g3 c5 3. c4 d5 4. Bg2 d4 5. b4 cxb4 6. a3 Nc6 7. O-O bxa3 8. d3
Nh6 9. Nxa3 Be7 10. Nb5 O-O 11. Bxh6 gxh6 12. Qd2 Kg7 13. Qf4 Bf6 14. Qg4+ Kh8
15. Qh5 Kg7 16. Qg4+ Kh8 17. Qh5 Kg7 18. Qg4+ 1/2-1/2

[Event "SV Dinslaken 1 - SV Mülheim-Nord 2"]
[Site "Oberliga NRW 2017/2018"]
[Date "2018.04.29"]
[Round "9.5"]
[White "Kahleys, Kevin"]
[Black "Welzel, Philipp"]
[Result "0-1"]
[WhiteElo "2166"]
[BlackElo "2198"]
[PlyCount "138"]
[EventDate "2018.??.??"]
[WhiteTeam "SV Mülheim-Nord 2"]
[BlackTeam "SV Dinslaken 1"]

1. d4 d5 2. Nf3 Nf6 3. c4 e6 4. g3 dxc4 5. Qa4+ Nbd7 6. Bg2 c5 7. O-O a6 8.
Qxc4 b5 9. Qc2 Bb7 10. Nbd2 Rc8 11. Qd3 cxd4 12. Qxd4 Bc5 13. Qf4 Qe7 14. Nb3
Bb6 15. Bd2 Rc4 16. Nbd4 e5 17. Qg5 h6 18. Qxg7 Rh7 19. Nf5 Rxg7 20. Nxe7 Kxe7
21. Nxe5 Bxg2 22. Nxc4 Bxf1 23. Nxb6 Nxb6 24. Kxf1 Rg6 25. Rc1 Kd7 26. b3 Ne4
27. Ba5 Rc6 28. Rd1+ Ke7 29. f3 Ng5 30. h4 Ne6 31. Bd2 h5 32. g4 hxg4 33. fxg4
Kf6 34. Be3 Ke5 35. Kf2 Nd5 36. Rc1 Rxc1 37. Bxc1 Ke4 38. h5 Ndf4 39. Ba3 Ng5
40. Be7 Nh7 41. a4 Nd5 42. Bd6 f6 43. axb5 axb5 44. h6 Nf4 45. Ke1 Ng2+ 46. Kf2
Ne3 47. Kg3 f5 48. g5 Nxg5 49. Kh4 Nh7 50. Kh5 Ng4 51. Kg6 Nxh6 52. Kxh6 Nf6
53. Kg5 Nd5 54. Bh2 Nc3 55. Kh4 Nxe2 56. Kh3 Kf3 57. Bd6 Nd4 58. b4 f4 59. Kh2
Ne6 60. Kg1 Ke2 61. Bb8 f3 62. Bg3 Nd4 63. Bf2 Nc6 64. Bc5 Nxb4 65. Bd4 Nd3 66.
Bb6 f2+ 67. Kh2 f1=Q 68. Bg1 Kf3 69. Kh1 Qg2# 0-1

[Event "SV Dinslaken 1 - SV Mülheim-Nord 2"]
[Site "Oberliga NRW 2017/2018"]
[Date "2018.04.29"]
[Round "9.6"]
[White "Borchert, Rene"]
[Black "Bus, Tom"]
[Result "1-0"]
[WhiteElo "2164"]
[BlackElo "2117"]
[PlyCount "73"]
[EventDate "2018.??.??"]
[WhiteTeam "SV Dinslaken 1"]
[BlackTeam "SV Mülheim-Nord 2"]

1. e4 e5 2. Nf3 Nc6 3. Bc4 Nf6 4. d3 Be7 5. c3 d6 6. O-O O-O 7. Bb3 Be6 8. Bxe6
fxe6 9. Qb3 Qd7 10. Qxb7 Rab8 11. Qa6 Nh5 12. b4 Rxf3 13. gxf3 Rf8 14. Be3 d5
15. b5 Nb8 16. Qxa7 Bd6 17. a4 Qf7 18. Nd2 Nd7 19. Kh1 Nf4 20. Bxf4 Qxf4 21.
Qe3 Qh4 22. Rg1 Rf7 23. Rg4 Qh3 24. Rg3 Qh5 25. a5 h6 26. a6 d4 27. Qe2 dxc3
28. a7 Nb6 29. a8=Q+ Nxa8 30. Rxa8+ Kh7 31. Nb1 Rf4 32. Nxc3 Rh4 33. Rg2 Rh3
34. Ra7 Kh8 35. b6 cxb6 36. Raxg7 Bf8 37. Rg8+ 1-0

[Event "SV Dinslaken 1 - SV Mülheim-Nord 2"]
[Site "Oberliga NRW 2017/2018"]
[Date "2018.04.29"]
[Round "9.7"]
[White "Krueger, Andre"]
[Black "Ossig, Rainer"]
[Result "1/2-1/2"]
[WhiteElo "1936"]
[BlackElo "2158"]
[PlyCount "42"]
[EventDate "2018.??.??"]
[WhiteTeam "SV Mülheim-Nord 2"]
[BlackTeam "SV Dinslaken 1"]

1. d4 e6 2. c4 f5 3. Nc3 Nf6 4. Qc2 Bb4 5. e3 b6 6. Bd3 Bb7 7. f3 O-O 8. Nge2
Nh5 9. O-O g6 10. Bd2 Be7 11. e4 Nc6 12. a3 Bg5 13. Bxg5 Qxg5 14. Qc1 Qe7 15.
Qe3 f4 16. Qf2 d6 17. b4 Qg5 18. Rfd1 e5 19. d5 Nd8 20. c5 Bc8 21. Nb5 Qe7
1/2-1/2

[Event "SV Dinslaken 1 - SV Mülheim-Nord 2"]
[Site "Oberliga NRW 2017/2018"]
[Date "2018.04.29"]
[Round "9.8"]
[White "Nent, Alexander"]
[Black "Wittenberg, Andreas"]
[Result "1/2-1/2"]
[WhiteElo "2062"]
[BlackElo "2171"]
[PlyCount "37"]
[EventDate "2018.??.??"]
[WhiteTeam "SV Dinslaken 1"]
[BlackTeam "SV Mülheim-Nord 2"]

1. Nf3 Nf6 2. g3 b6 3. Bg2 Bb7 4. O-O e6 5. c4 d5 6. Ne5 Nbd7 7. d4 Bd6 8. Nxd7
Qxd7 9. Nc3 c6 10. e4 dxe4 11. Nxe4 Nxe4 12. Bxe4 O-O 13. c5 Be7 14. Be3 Ba6
15. Re1 Rfd8 16. Rc1 b5 17. b4 Bb7 18. Qc2 g6 19. Qb2 1/2-1/2

[Event "SF Gerresheim 1 - SF Essen-Katernberg  "]
[Site "Oberliga NRW 2017/2018"]
[Date "2018.04.29"]
[Round "9.1"]
[White "Tomic, Bosko"]
[Black "Orlov, Andrey"]
[Result "1/2-1/2"]
[WhiteElo "2347"]
[BlackElo "2476"]
[Annotator "Daniel"]
[PlyCount "118"]
[EventDate "2018.??.??"]
[WhiteTeam "SF Essen-Katernberg  1"]
[BlackTeam "SF Gerresheim 1"]

1. e4 e5 2. Nf3 Nc6 3. Bb5 a6 4. Ba4 Nf6 5. O-O d6 6. d4 Bd7 7. dxe5 Nxe5 8.
Bxd7+ Qxd7 9. Bf4 Ng6 10. Bg5 Be7 11. Nc3 h6 12. Bxf6 Bxf6 13. Nd5 Qd8 14. Nd4
O-O 15. Nf5 Nh4 $11 16. Nxh4 Bxh4 17. Qf3 c6 18. Ne3 g6 19. Rad1 Qe7 20. Qf4
Rad8 21. Rd3 Bg5 22. Qg4 h5 23. Qg3 Bf6 24. Nf5 Qxe4 25. Nxd6 Qe7 26. Nc4 Rxd3
27. Qxd3 Rd8 28. Qf3 Kg7 29. b3 b5 30. Ne3 Qc5 31. Rd1 Rxd1+ 32. Qxd1 Qa3 33.
Qb1 Bd4 34. Nd1 Qe7 35. Kf1 Qe5 36. h3 Qc5 37. Qc1 Bf6 38. Qd2 a5 39. c3 a4 40.
Qd3 Qa3 41. Qc2 Qc5 42. Qd3 a3 43. Ke2 Qe5+ 44. Qe3 Qh2 45. Qg3 Qh1 46. Qf3 c5
47. g4 Qh2 48. gxh5 Qe5+ 49. Kd3 Qd6+ 50. Kc2 Bg5 51. Ne3 Bxe3 52. Qxe3 gxh5
53. Qg3+ Qg6+ 54. Kd2 Kh7 55. Qxg6+ Kxg6 56. f4 Kf5 57. Ke3 Ke6 58. Ke4 f5+ 59.
Kd3 h4 1/2-1/2

[Event "SF Gerresheim 1 - SF Essen-Katernberg  "]
[Site "Oberliga NRW 2017/2018"]
[Date "2018.04.29"]
[Round "9.2"]
[White "Volkov, Mykyta"]
[Black "Rosen, Bernd"]
[Result "1/2-1/2"]
[WhiteElo "2180"]
[BlackElo "2277"]
[PlyCount "80"]
[EventDate "2018.??.??"]
[WhiteTeam "SF Gerresheim 1"]
[BlackTeam "SF Essen-Katernberg  1"]

1. d4 Nf6 2. c4 c5 3. d5 e5 4. Nc3 d6 5. e4 Nbd7 6. g3 g6 7. h4 a6 8. Qe2 Bg7
9. Bh3 O-O 10. a4 b6 11. Be3 Nh5 12. Bg4 Ndf6 13. Bf3 Qd7 14. Ra3 Rb8 15. Rb3
Rb7 16. Bd2 h6 17. Bg2 Qe7 18. Bh3 Bxh3 19. Nxh3 Qd7 20. Kf1 Ng4 21. Kg2 f5 22.
f3 f4 23. fxg4 f3+ 24. Qxf3 Rxf3 25. Kxf3 Nf6 26. Nf2 Ne8 27. Kg2 Nc7 28. Ra1
Qc8 29. Ncd1 b5 30. axb5 axb5 31. Ne3 bxc4 32. Rxb7 Qxb7 33. Bc3 Bf8 34. Nxc4
Qb3 35. Na5 Qc2 36. Nc6 Nb5 37. Ra8 Kg7 38. Nd8 Be7 39. Nc6 Bf8 40. Nd8 Be7
1/2-1/2

[Event "SF Gerresheim 1 - SF Essen-Katernberg  "]
[Site "Oberliga NRW 2017/2018"]
[Date "2018.04.29"]
[Round "9.3"]
[White "Wessendorf, Thomas"]
[Black "Dresen, Ulrich"]
[Result "0-1"]
[WhiteElo "2190"]
[BlackElo "2213"]
[PlyCount "128"]
[EventDate "2018.??.??"]
[WhiteTeam "SF Essen-Katernberg  1"]
[BlackTeam "SF Gerresheim 1"]

1. e4 e5 2. Nf3 Nc6 3. Bb5 a6 4. Ba4 Nf6 5. O-O Be7 6. Re1 b5 7. Bb3 d6 8. c3
O-O 9. h3 Bb7 10. d4 Re8 11. Ng5 Rf8 12. f4 h6 13. Nf3 exd4 14. cxd4 d5 15. e5
Ne4 16. Nc3 Na5 17. Bc2 f5 18. exf6 Bxf6 19. Nxe4 dxe4 20. Ne5 Nc4 21. Nxc4
bxc4 22. Be3 Qd6 23. Qe2 Bd5 24. Rad1 a5 25. Bc1 Rfe8 26. Qh5 Bf7 27. Qc5 Bd5
28. Ba4 Qxc5 29. dxc5 c6 30. Re2 Re7 31. Be3 Rb8 32. Bd4 Rb4 33. Bxf6 gxf6 34.
b3 cxb3 35. axb3 e3 36. Rd3 Rbe4 37. Rc3 f5 38. g3 h5 39. h4 Kg7 40. Re1 Kf6
41. Kf1 R4e6 42. Rd3 Re4 43. Rc3 R7e6 44. Ke2 Ke7 45. Rd1 Rg6 46. Rg1 Rxf4 47.
Rxe3+ Kf6 48. Rd1 Re4 49. Rxe4 fxe4 50. Rg1 Ke5 51. Ke3 Rf6 52. g4 Rf3+ 53. Ke2
hxg4 54. Rxg4 Kd4 55. Rg6 Kxc5 56. h5 Rh3 57. h6 Kd4 58. Bxc6 Rh2+ 59. Ke1 Bxb3
60. Rg4 Bc2 61. Rg5 a4 62. Ra5 Rxh6 63. Bxa4 Ke3 64. Kf1 Rh1+ 0-1

[Event "SF Gerresheim 1 - SF Essen-Katernberg  "]
[Site "Oberliga NRW 2017/2018"]
[Date "2018.04.29"]
[Round "9.4"]
[White "Van Lanen, Toon"]
[Black "Kueppers, Timo"]
[Result "1-0"]
[WhiteElo "2101"]
[BlackElo "2149"]
[PlyCount "75"]
[EventDate "2018.??.??"]
[WhiteTeam "SF Gerresheim 1"]
[BlackTeam "SF Essen-Katernberg  1"]

1. e4 c5 2. Ne2 d6 3. Nbc3 a6 4. a4 g6 5. g3 Bg7 6. Bg2 Nc6 7. d3 e6 8. O-O
Nge7 9. Bg5 O-O 10. Qd2 Nd4 11. Nd1 h6 12. Be3 Kh7 13. Nc1 e5 14. c3 Ne6 15. f4
exf4 16. gxf4 f5 17. Ne2 d5 18. e5 d4 19. cxd4 cxd4 20. Bf2 a5 21. b4 g5 22.
Nb2 Nd5 23. fxg5 hxg5 24. Bxd5 Qxd5 25. Nc4 Qf3 26. b5 b6 27. Bg3 Qg4 28. Rf2
Bb7 29. h3 Qh5 30. Nd6 Bd5 31. Nc4 Rab8 32. Rh2 Kg8 33. Bf2 Bxc4 34. dxc4 Bxe5
35. Rg2 Rbd8 36. Re1 Nf4 37. Nxf4 Bxf4 38. Qxf4 1-0

[Event "SF Gerresheim 1 - SF Essen-Katernberg  "]
[Site "Oberliga NRW 2017/2018"]
[Date "2018.04.29"]
[Round "9.5"]
[White "Dahm, Bernd"]
[Black "Selten, Jan"]
[Result "0-1"]
[WhiteElo "2088"]
[BlackElo "2080"]
[PlyCount "58"]
[EventDate "2018.??.??"]
[WhiteTeam "SF Essen-Katernberg  1"]
[BlackTeam "SF Gerresheim 1"]

1. d4 e6 2. c4 Nf6 3. Nc3 Bb4 4. Qc2 d5 5. cxd5 exd5 6. Nf3 O-O 7. Bg5 Bg4 8.
e3 Bh5 9. Bd3 Bg6 10. Bxg6 hxg6 11. Qb3 Nc6 12. O-O Bxc3 13. Qxc3 Qd7 14. Bxf6
gxf6 15. b4 a5 16. b5 Ne7 17. Rfc1 Rfc8 18. Qb2 Nf5 19. Rc5 b6 20. Rc6 Kg7 21.
Rac1 a4 22. Qc2 Ra5 23. h3 a3 24. Nd2 Rxb5 25. Nb3 Nd6 26. Rxc7 Rxc7 27. Qxc7
Qxc7 28. Rxc7 Nc4 29. e4 Rxb3 0-1

[Event "SF Gerresheim 1 - SF Essen-Katernberg  "]
[Site "Oberliga NRW 2017/2018"]
[Date "2018.04.29"]
[Round "9.7"]
[White "Kudelka, Josua"]
[Black "Yilmaz, Ahmet"]
[Result "1-0"]
[WhiteElo "1965"]
[BlackElo "1848"]
[PlyCount "95"]
[EventDate "2018.??.??"]
[WhiteTeam "SF Essen-Katernberg  1"]
[BlackTeam "SF Gerresheim 1"]

1. e4 e5 2. Nf3 Nc6 3. Bb5 f5 4. d3 fxe4 5. dxe4 Nf6 6. Qe2 d6 7. h3 Be7 8. Bc4
Na5 9. Bb5+ c6 10. Bd3 b5 11. a4 b4 12. b3 O-O 13. Nbd2 Qe8 14. Bb2 Nb7 15. Ba6
Rb8 16. O-O-O Bd7 17. Bxb7 Rxb7 18. Nc4 d5 19. exd5 Nxd5 20. Qxe5 Qg6 21. Rxd5
Bf6 22. Rxd7 Bxe5 23. Rxb7 Bxb2+ 24. Kxb2 Qxg2 25. Rg1 Qxh3 26. Rgxg7+ Kh8 27.
Ng5 Qc3+ 28. Kb1 Rxf2 29. Rxh7+ Kg8 30. Rb8+ Rf8 31. Rxf8+ Kxf8 32. Ne6+ Kg8
33. Rg7+ Kh8 34. Rg1 Qf6 35. Nc5 Qf2 36. Rh1+ Kg8 37. Nd3 Qf3 38. Rg1+ Kf8 39.
Nxb4 Qf2 40. Rc1 Qg2 41. Nd3 Ke8 42. Nde5 Kd8 43. Rd1+ Kc7 44. Rd7+ Kc8 45.
Nd6+ Kb8 46. Rb7+ Ka8 47. Nd7 Qg1+ 48. Ka2 1-0

[Event "SF Gerresheim 1 - SF Essen-Katernberg  "]
[Site "Oberliga NRW 2017/2018"]
[Date "2018.04.29"]
[Round "9.8"]
[White "Knupfer, Heinz"]
[Black "Riesenbeck, Juergen"]
[Result "0-1"]
[WhiteElo "1880"]
[BlackElo "1998"]
[PlyCount "70"]
[EventDate "2018.??.??"]
[WhiteTeam "SF Gerresheim 1"]
[BlackTeam "SF Essen-Katernberg  1"]

1. d4 Nf6 2. Nf3 g6 3. c4 Bg7 4. Nc3 d5 5. Bf4 O-O 6. Rc1 c6 7. cxd5 Nxd5 8.
Nxd5 Qxd5 9. a3 Bf5 10. Qd2 Nd7 11. e3 Be4 12. Bc4 Qf5 13. Be2 e5 14. Bg3 Bxf3
15. Bxf3 exd4 16. e4 Qb5 17. Be2 d3 18. Bxd3 Qxb2 19. Bd6 Rfe8 20. Qxb2 Bxb2
21. Rc2 Be5 22. Bb4 a5 23. Bd2 Bd4 24. O-O Nc5 25. Bc4 Nxe4 26. Bh6 Rad8 27. g3
b5 28. Be2 b4 29. axb4 axb4 30. Rxc6 Nxf2 31. Bc4 Ng4+ 32. Kg2 Nxh6 33. Rc7 Rf8
34. g4 Be5 35. h3 Bxc7 0-1

[Event "Bahn-SC Wuppertal 1 - Oberhausener SV 1"]
[Site "Oberliga NRW 2017/2018"]
[Date "2018.04.29"]
[Round "9.1"]
[White "Hort, Vlastimil"]
[Black "Savchenko, Vyacheslav"]
[Result "1/2-1/2"]
[WhiteElo "2375"]
[BlackElo "2350"]
[PlyCount "88"]
[EventDate "2018.??.??"]
[WhiteTeam "Oberhausener SV 1"]
[BlackTeam "Bahn-SC Wuppertal 1"]

1. d4 d5 2. Nf3 Nf6 3. c4 e6 4. Nc3 Be7 5. Bg5 Nbd7 6. e3 O-O 7. Rc1 c6 8. a3
dxc4 9. Bxc4 Nd5 10. Bxe7 Qxe7 11. Qc2 Re8 12. O-O Nxc3 13. Qxc3 e5 14. h3 e4
15. Nd2 Nf8 16. f3 exf3 17. Rxf3 Be6 18. Rcf1 f6 19. Ne4 Bxc4 20. Qxc4+ Qe6 21.
Nd6 Qxc4 22. Nxc4 Rad8 23. b4 Ne6 24. h4 Nc7 25. Na5 Rb8 26. Rc1 Nd5 27. Kf2
Re7 28. Nc4 Rd8 29. g4 Re4 30. Rg1 g6 31. Nd2 Re6 32. Ke2 Rde8 33. Rgg3 Kg7 34.
Kd3 Ra8 35. e4 Nc7 36. g5 fxg5 37. Rxg5 Rd8 38. Nb3 h6 39. Ra5 Nb5 40. a4 Nxd4
41. Nxd4 Red6 42. Rxa7 Rxd4+ 43. Kc3 R4d7 44. a5 h5 1/2-1/2

[Event "Bahn-SC Wuppertal 1 - Oberhausener SV 1"]
[Site "Oberliga NRW 2017/2018"]
[Date "2018.04.29"]
[Round "9.2"]
[White "Biriukov, Nikolai"]
[Black "Litwak, Aleksej"]
[Result "1-0"]
[WhiteElo "2365"]
[BlackElo "2246"]
[PlyCount "63"]
[EventDate "2018.??.??"]
[WhiteTeam "Bahn-SC Wuppertal 1"]
[BlackTeam "Oberhausener SV 1"]

1. d4 d5 2. c4 e6 3. Nc3 c5 4. cxd5 exd5 5. Nf3 Nc6 6. g3 Nf6 7. Bg2 Be7 8. O-O
O-O 9. dxc5 Bxc5 10. Bg5 d4 11. Bxf6 Qxf6 12. Nd5 Qd8 13. Nd2 Re8 14. Nb3 Bb6
15. Rc1 Bg4 16. Re1 Ba5 17. Nxa5 Qxa5 18. a3 Rad8 19. b4 Qxa3 20. Qd2 Rxe2 21.
Qg5 d3 22. Rf1 h5 23. Nf6+ Kh8 24. Nxg4 hxg4 25. Bxc6 Rf8 26. Bb5 Qxb4 27. Qh4+
Kg8 28. Bxd3 Re4 29. Rb1 Qd4 30. Bxe4 Qxe4 31. Rfe1 Qf3 32. Qe7 1-0

[Event "Bahn-SC Wuppertal 1 - Oberhausener SV 1"]
[Site "Oberliga NRW 2017/2018"]
[Date "2018.04.29"]
[Round "9.3"]
[White "Becker, Marcel"]
[Black "Savchenko, Aleksij"]
[Result "1-0"]
[WhiteElo "2291"]
[BlackElo "2286"]
[PlyCount "89"]
[EventDate "2018.??.??"]
[WhiteTeam "Oberhausener SV 1"]
[BlackTeam "Bahn-SC Wuppertal 1"]

1. d4 Nf6 2. c4 g6 3. Nc3 Bg7 4. e4 d6 5. Be2 O-O 6. Bg5 c5 7. dxc5 Qa5 8. Bd2
Qxc5 9. Nf3 Bg4 10. O-O Bxf3 11. Bxf3 Nc6 12. Be2 Rfc8 13. Rc1 Nd4 14. Bd3 Qh5
15. b3 Qxd1 16. Rfxd1 Nd7 17. Be3 a5 18. Bf1 Ne6 19. Nd5 Kf8 20. Rb1 Nec5 21.
f3 e6 22. Nf4 Rc6 23. Ne2 f5 24. exf5 gxf5 25. Nd4 Bxd4 26. Rxd4 e5 27. Rd5 Ke7
28. Rbd1 b6 29. g3 Rg8 30. Kh1 Nf6 31. R5d2 e4 32. Bg2 Rg6 33. Bh3 Ke6 34. Rd5
exf3 35. Bxf5+ Ke7 36. Bxg6 hxg6 37. R5d4 Ne6 38. R4d3 g5 39. Re1 Kd7 40. Bc1
f2 41. Rf1 Ne4 42. Re3 N6c5 43. Ba3 Nd2 44. Rxf2 Nce4 45. Rfe2 1-0

[Event "Bahn-SC Wuppertal 1 - Oberhausener SV 1"]
[Site "Oberliga NRW 2017/2018"]
[Date "2018.04.29"]
[Round "9.4"]
[White "Bashilin, Roman"]
[Black "Stillger, Bernhard"]
[Result "1-0"]
[WhiteElo "2217"]
[BlackElo "2258"]
[PlyCount "111"]
[EventDate "2018.??.??"]
[WhiteTeam "Bahn-SC Wuppertal 1"]
[BlackTeam "Oberhausener SV 1"]

1. d4 Nf6 2. Nf3 d5 3. Bf4 c5 4. c3 Nc6 5. e3 Qb6 6. Qb3 c4 7. Qxb6 axb6 8.
Nbd2 b5 9. Be2 b4 10. cxb4 Nxb4 11. O-O Bf5 12. Ne5 e6 13. g4 Bg6 14. h4 h6 15.
Nxg6 fxg6 16. g5 hxg5 17. hxg5 Ng8 18. Nf3 Nc6 19. Ne5 Nxe5 20. Bxe5 Ne7 21. b3
c3 22. Rfc1 Rc8 23. Rc2 Nc6 24. Rxc3 Ba3 25. Rd1 Kf7 26. b4 Bxb4 27. Rb3 Be7
28. Bf4 Na5 29. Rb5 Bd8 30. Kg2 Rc2 31. Bg4 Re8 32. e4 dxe4 33. Re1 b6 34. Rxe4
Nc4 35. Rb4 Na5 36. Rb1 Nc4 37. Rbe1 b5 38. Bxe6+ Rxe6 39. Rxe6 Rxa2 40. Rc6
Ra7 41. d5 Nb6 42. Rc5 Rd7 43. d6 b4 44. Rb1 Ke6 45. Rxb4 Rf7 46. Kg3 Rf5 47.
Rcb5 Nd5 48. Re4+ Kd7 49. Rb7+ Kc6 50. Rxg7 Bxg5 51. Bxg5 Rxg5+ 52. Rg4 Rxg4+
53. Kxg4 Nf6+ 54. Kf3 Kxd6 55. Rxg6 Ke5 56. Rxf6 1-0

[Event "Bahn-SC Wuppertal 1 - Oberhausener SV 1"]
[Site "Oberliga NRW 2017/2018"]
[Date "2018.04.29"]
[Round "9.5"]
[White "Kaufeld, Juergen"]
[Black "Ries, Benjamin"]
[Result "0-1"]
[WhiteElo "2167"]
[BlackElo "2250"]
[PlyCount "88"]
[EventDate "2018.??.??"]
[WhiteTeam "Oberhausener SV 1"]
[BlackTeam "Bahn-SC Wuppertal 1"]

1. d4 d5 2. c4 e6 3. Nf3 Nf6 4. g3 Bb4+ 5. Bd2 Bd6 6. Bg2 O-O 7. Nc3 b6 8. O-O
Nbd7 9. Nb5 Ne4 10. Nxd6 Nxd6 11. cxd5 exd5 12. Bf4 Nf6 13. Ne5 Bb7 14. Rc1 Nh5
15. Qc2 Nxf4 16. gxf4 Rc8 17. Bh3 f5 18. Nc6 Qh4 19. Bg2 Bxc6 20. Qxc6 Qxf4 21.
Qxd5+ Kh8 22. e3 Qg4 23. f3 Qg6 24. e4 Rcd8 25. Qc6 fxe4 26. fxe4 Qg5 27. Kh1
Rxf1+ 28. Rxf1 Qe7 29. e5 Nf7 30. e6 Nd6 31. d5 h6 32. Rc1 Qh4 33. Qc2 Rf8 34.
Qe2 Nf5 35. Qe1 Qf4 36. Rc3 Qd6 37. Qe4 Ne7 38. Rg3 Nxd5 39. Qg4 Qe5 40. Bxd5
Qxd5+ 41. Kg1 Qc5+ 42. Kh1 Qc6+ 43. Kg1 Qc1+ 44. Kg2 Qf1# 0-1

[Event "Bahn-SC Wuppertal 1 - Oberhausener SV 1"]
[Site "Oberliga NRW 2017/2018"]
[Date "2018.04.29"]
[Round "9.6"]
[White "Khanukov, Boris"]
[Black "Kummerow, Heiko"]
[Result "1-0"]
[WhiteElo "2186"]
[BlackElo "2148"]
[PlyCount "89"]
[EventDate "2018.??.??"]
[WhiteTeam "Bahn-SC Wuppertal 1"]
[BlackTeam "Oberhausener SV 1"]

1. d4 Nf6 2. Nf3 g6 3. c4 Bg7 4. Nc3 O-O 5. e4 d6 6. Be2 e5 7. O-O Nc6 8. d5
Ne7 9. Ne1 Nd7 10. Nd3 f5 11. Bd2 Nf6 12. f3 f4 13. Rc1 g5 14. c5 Ng6 15. a4
Rf7 16. cxd6 cxd6 17. Nf2 h5 18. h3 Bf8 19. Nb5 Rg7 20. Qc2 g4 21. fxg4 hxg4
22. hxg4 Nh4 23. Nc7 Nxg4 24. Nxa8 Ne3 25. Qxc8 Rxg2+ 26. Kh1 Qxc8 27. Rxc8
Nxf1 28. Bxf1 Rxf2 29. Bb4 Rxf1+ 30. Kh2 Rf3 31. Bxd6 Rg3 32. Rxf8+ Kg7 33.
Rxf4 exf4 34. Bxf4 Rg4 35. Nc7 Kf7 36. Ne6 Nf3+ 37. Kh3 Rg8 38. Bg3 Ng5+ 39.
Nxg5+ Rxg5 40. e5 Rg8 41. Bh4 Rg6 42. a5 Ke8 43. e6 a6 44. b3 Kf8 45. d6 1-0

[Event "Bahn-SC Wuppertal 1 - Oberhausener SV 1"]
[Site "Oberliga NRW 2017/2018"]
[Date "2018.04.29"]
[Round "9.7"]
[White "Ciornei, Dragos"]
[Black "Tueckmantel, Rene"]
[Result "1/2-1/2"]
[WhiteElo "2052"]
[BlackElo "2117"]
[PlyCount "65"]
[EventDate "2018.??.??"]
[WhiteTeam "Oberhausener SV 1"]
[BlackTeam "Bahn-SC Wuppertal 1"]

1. e4 e5 2. Nf3 Nc6 3. d4 exd4 4. Nxd4 Nf6 5. Nxc6 bxc6 6. e5 Qe7 7. Qe2 Nd5 8.
c4 Nb6 9. Nc3 Qe6 10. b3 Ba6 11. Bb2 g6 12. O-O-O O-O-O 13. Qc2 Be7 14. Ne4 c5
15. g3 Bb7 16. Bg2 Rhe8 17. Rhe1 Qf5 18. f4 d6 19. exd6 cxd6 20. Re2 Kb8 21.
Nxd6 Qxc2+ 22. Kxc2 Bxd6 23. Rxe8 Rxe8 24. Bxb7 Re2+ 25. Kb1 Bxf4 26. gxf4 Kxb7
27. Rd6 Rxh2 28. Rf6 Nd7 29. Rxf7 Kc6 30. f5 gxf5 31. Rxf5 h5 32. Be5 Nxe5 33.
Rxe5 1/2-1/2

[Event "SG Porz 2 - Bochumer SV 1"]
[Site "Oberliga NRW 2017/2018"]
[Date "2018.04.29"]
[Round "9.1"]
[White "Zaitsev, Mikhail"]
[Black "Fieberg, Samuel"]
[Result "1-0"]
[WhiteElo "2423"]
[BlackElo "2177"]
[PlyCount "99"]
[EventDate "2018.??.??"]
[WhiteTeam "Bochumer SV 1"]
[BlackTeam "SG Porz 2"]

1. e4 c5 2. c3 Nf6 3. e5 Nd5 4. d4 cxd4 5. Nf3 e6 6. cxd4 d6 7. Bc4 dxe5 8.
dxe5 Bb4+ 9. Nbd2 O-O 10. O-O a6 11. Ne4 b5 12. Bg5 Qd7 13. Bd3 f5 14. exf6
gxf6 15. Bh6 Rf7 16. Rc1 Nc6 17. a3 Be7 18. Qe2 f5 19. Nc5 Qd6 20. Bb1 Rf6 21.
Qd2 Ra7 22. Ba2 Rc7 23. Rfe1 Nd8 24. Bxd5 Rxc5 25. Rxc5 Qxc5 26. Bg5 Rg6 27.
Rc1 Qxd5 28. Bxe7 Bb7 29. Qxd5 Bxd5 30. Nh4 Nc6 31. Nxg6 hxg6 32. Bb4 Kf7 33.
Rd1 a5 34. Bd6 a4 35. h4 Na5 36. Bb4 Nc4 37. Bc3 Ke7 38. f3 Kd6 39. Kf2 f4 40.
Rg1 e5 41. g3 fxg3+ 42. Rxg3 Bf7 43. Rg5 Be8 44. f4 exf4 45. Kf3 Bc6+ 46. Kxf4
Be8 47. Rg1 Bf7 48. Kg5 Ke6 49. Re1+ Kd6 50. Kf6 1-0

[Event "SG Porz 2 - Bochumer SV 1"]
[Site "Oberliga NRW 2017/2018"]
[Date "2018.04.29"]
[Round "9.2"]
[White "Liard, Thibaud"]
[Black "Illner, Achim"]
[Result "0-1"]
[WhiteElo "2118"]
[BlackElo "2463"]
[PlyCount "126"]
[EventDate "2018.??.??"]
[WhiteTeam "SG Porz 2"]
[BlackTeam "Bochumer SV 1"]

1. d4 Nf6 2. c4 e6 3. Nc3 c5 4. d5 exd5 5. cxd5 Bd6 6. Nf3 Bc7 7. d6 Ba5 8. Bg5
Qb6 9. Bxf6 Qxb2 10. Bxg7 Bxc3+ 11. Bxc3 Qxc3+ 12. Nd2 b6 13. a4 Bb7 14. h4 Qf6
15. Rh3 O-O 16. e3 Nc6 17. Bd3 Nb4 18. Ra3 Nxd3+ 19. Rxd3 Kh8 20. e4 Rae8 21.
Rhf3 Qxh4 22. Rh3 Qf6 23. Rxh7+ Kxh7 24. Rh3+ Kg8 25. Rg3+ Qg6 26. Rxg6+ fxg6
27. Qb3+ Re6 28. a5 Bc6 29. axb6 Rb8 30. f4 Rxb6 31. Qc4 Bxe4 32. Nxe4 Rb4 33.
Qxc5 Rexe4+ 34. Kf2 Rxf4+ 35. Kg3 Rbc4 36. Qxa7 Rf7 37. Qa8+ Kh7 38. Qd5 Rcf4
39. Qe5 R4f6 40. Qd4 Re6 41. Qh4+ Kg7 42. Qd4+ Rff6 43. Kg4 Rxd6 44. Qc3 Rd5
45. Qb2 Rd3 46. Qe5 Kf7 47. Qe4 Rdd6 48. Qc4+ Kg7 49. Qc3 Rd5 50. Qb2 Rdf5 51.
g3 Kh7 52. Qd4 Rf7 53. Qd6 R5f6 54. Qd4 Re6 55. Qd5 Rfe7 56. Qh1+ Kg7 57. Qa1+
Re5 58. Qb2 d5 59. Kf4 g5+ 60. Kg4 Kg6 61. Qb6+ R5e6 62. Qd8 Re4+ 63. Kf3 g4+
0-1

[Event "SG Porz 2 - Bochumer SV 1"]
[Site "Oberliga NRW 2017/2018"]
[Date "2018.04.29"]
[Round "9.3"]
[White "Heinbuch, Detlef Ulrich"]
[Black "Suvorov, Alexander"]
[Result "1/2-1/2"]
[WhiteElo "2224"]
[BlackElo "2159"]
[PlyCount "74"]
[EventDate "2018.??.??"]
[WhiteTeam "Bochumer SV 1"]
[BlackTeam "SG Porz 2"]

1. c4 e6 2. Nf3 d5 3. d4 c6 4. Qc2 Nf6 5. Bf4 Nbd7 6. e3 Be7 7. Nbd2 Nh5 8. Bg3
Nxg3 9. hxg3 f5 10. Bd3 Nf6 11. Ne5 O-O 12. f4 c5 13. Nb3 cxd4 14. exd4 dxc4
15. Bxc4 Nd5 16. Qe2 Bb4+ 17. Kf2 Nf6 18. Qf3 Rb8 19. Rad1 Qe8 20. Be2 b6 21.
Qd3 Bb7 22. Bf3 Ne4+ 23. Bxe4 Bxe4 24. Qc4 Bd6 25. Rc1 Bd5 26. Qa6 Ra8 27. Nd2
Qe7 28. Ndc4 Rfd8 29. Rhd1 Bb7 30. Qa4 Rdc8 31. Ne3 Rxc1 32. Rxc1 Bxe5 33. dxe5
Be4 34. Rd1 Rd8 35. Rd4 h6 36. Qd1 Rxd4 37. Qxd4 Kh7 1/2-1/2

[Event "SG Porz 2 - Bochumer SV 1"]
[Site "Oberliga NRW 2017/2018"]
[Date "2018.04.29"]
[Round "9.4"]
[White "Suvorov, Luca"]
[Black "Wolter, Detlev"]
[Result "1/2-1/2"]
[WhiteElo "2127"]
[BlackElo "2211"]
[PlyCount "79"]
[EventDate "2018.??.??"]
[WhiteTeam "SG Porz 2"]
[BlackTeam "Bochumer SV 1"]

1. d4 Nf6 2. c4 g6 3. g3 Bg7 4. Bg2 O-O 5. Nc3 d6 6. Nf3 Nbd7 7. O-O e5 8. e4
a6 9. a4 exd4 10. Nxd4 a5 11. Re1 Re8 12. h3 Nc5 13. Qc2 c6 14. Be3 Qe7 15.
Rad1 Nfd7 16. f4 Na6 17. Nb3 Nb4 18. Qd2 Bf8 19. Bf2 f6 20. Ne2 b6 21. Ned4 Nc5
22. e5 Nxb3 23. Nxb3 dxe5 24. Bxb6 Bf5 25. Bc5 Qc7 26. Bxf8 Rxf8 27. Qd6 Qa7+
28. Kh2 Bc2 29. Nc5 Bxd1 30. Rxd1 Rad8 31. Nd7 Rxd7 32. Qxd7 Qxd7 33. Rxd7 exf4
34. gxf4 Re8 35. Ra7 Re2 36. b3 Rb2 37. Rxa5 Rxb3 38. f5 Ra3 39. fxg6 hxg6 40.
Rc5 1/2-1/2

[Event "SG Porz 2 - Bochumer SV 1"]
[Site "Oberliga NRW 2017/2018"]
[Date "2018.04.29"]
[Round "9.5"]
[White "Kiese, Matthias"]
[Black "Finke, Kai"]
[Result "1-0"]
[WhiteElo "2179"]
[BlackElo "2091"]
[PlyCount "73"]
[EventDate "2018.??.??"]
[WhiteTeam "Bochumer SV 1"]
[BlackTeam "SG Porz 2"]

1. d4 Nf6 2. Nf3 d5 3. c4 c6 4. Nc3 dxc4 5. a4 Bf5 6. e3 e6 7. Ne5 Bb4 8. Bxc4
Nbd7 9. Nxd7 Qxd7 10. O-O O-O 11. f3 Rad8 12. Qb3 a5 13. Rd1 Bg6 14. e4 Qc7 15.
Be3 Nd7 16. Rac1 e5 17. d5 Bc5 18. Bxc5 Nxc5 19. Qc2 Qb6 20. Qf2 Kh8 21. g4 f6
22. dxc6 bxc6 23. Kg2 Rd4 24. Rxd4 exd4 25. Qxd4 Qxb2+ 26. Ne2 Nxa4 27. Qd6 Qb4
28. Qxc6 h5 29. gxh5 Bxh5 30. Be6 Nb2 31. Rc5 Bg6 32. Qd6 Re8 33. Nf4 Bh7 34.
Rh5 g6 35. Nxg6+ Kg7 36. Qd7+ Kxg6 37. Qxh7# 1-0